000 01196nam a22003377a 4500
003 CHAP
005 20220329133815.0
008 971013s1957 r 00010 d
010 _a11209
011 _a12181
035 _a14379
040 _cCHAP
090 _aTesis
100 0 0 _aCedeño Larrea, Fausto.
_920835
245 _aEstudio preliminar sobre fertilizantes en el cultivo de trigo de invierno en el Distrito de riego de Morelia y Queréndaro...
260 _aChapingo, Méx. :
_bEl autor,
_c1957
300 _a46 h.
502 _aTesis (Ing. Agrónomo Especialista en Fitotecnia) -- ENA. Departamento de Fitotecnia
590 _aALEPH
_b10
_c20130110
_lUCH01
_h1228
590 _aBATCH-UPD
_b10
_c20130110
_lUCH01
_h2327
590 _aBATCH-UPD
_b10
_c20130410
_lUCH01
_h1616
590 _aBATCH-UPD
_b10
_c20130914
_lUCH01
_h1404
590 _aCONVERSION
_b10
_c20130109
_lUCH01
_h1307
650 1 4 _aDistrito de Riego Morelia y Queréndaro, Mich.
_932904
650 1 4 _aFertilizantes para trigo.
_940641
901 _aBK
942 _cFOLL
949 _bBC
_cTES
_d-139797
_eTS1
_i14379
_si
949 _bBC
_cTES
_d-139798
_eTS2
_fc.2
_i14379
_si
949 _bS
_cTESBD
_d-26521
_eTS1
_i14379
_si
999 _c11209
_d11209